Grosse rechtsdenker der Deutschen geistesgeschichte

Uloženo v:
Podrobná bibliografie
Hlavní autor: Wolf, Erik (Autor)
Médium: Kniha
Vydáno: Tübingen, Deutschland: J.C.B. Mohr, 1963.
Témata:
Tagy: Přidat tag
Žádné tagy, Buďte první, kdo vytvoří štítek k tomuto záznamu!

MARC

LEADER 00000nam a22000007a 4500
003 CL-VaPUC
005 20220822114800.0
008 220802t1963 ||||| |||| 00| 0 eng d
999 |c 437860  |d 437858 
040 |c Pontificia Universidad Católica de Valparaíso 
082 7 |a 349.4309 WOL 1963  |2 22 
100 0 |a Wolf, Erik  |e author  |9 588398 
245 1 0 |a Grosse rechtsdenker der Deutschen geistesgeschichte 
260 |a Tübingen, Deutschland:   |b J.C.B. Mohr,  |c 1963. 
300 |a 803 páginas.  
500 |a c.1. Donación Familia Prof. Alejandro Guzmán Brito. 
583 |a last modification  |c 20160713 20:53:00  |k Cristina María Rojas Aguilar 
650 0 |a Derecho alemán   |9 385144  |x Juristas  
650 0 |a Historia de Alemania  |9 431857  |x Pensadores 
942 |c BK  |2 ddc  |n 0 
952 |0 0  |1 0  |2 ddc  |4 0  |6 349_430900000000000_WOL_1963  |7 0  |8 C_AGB  |9 585708  |a BIBDER  |b BIBDER  |d 2022-08-02  |e Donación   |i 5653703  |o 349.4309 WOL 1963  |p 5653703  |r 2023-01-25  |t 1  |w 2022-08-02  |y BK_US  |k AGB